000 00357nam a2200145Ia 4500
008 230917s9999||||xx |||||||||||||| ||und||
040 _e48167
_aMAIN
041 _aEnglish
082 _a822.33 S15H:S
100 _aHuaton, J Dennis
245 0 _aShakespeare's comedies of play
260 _aLondon
_bMacmillan
_c1981
300 _ax, 169 p.
942 _cBK
999 _c225709
_d225709